[Event "Online Olym Div2 D"]
[Site "Chess.com INT"]
[Date "2021.09.03"]
[Round "6.3"]
[White "De Leon, Patricia O"]
[Black "Lujan, Carolina"]
[Result "0-1"]
[WhiteElo "2004"]
[BlackElo "2340"]
[PlyCount "42"]
[EventDate "2021.09.02"]
[EventType "team (rapid)"]
[EventRounds "9"]
[EventCountry "USA"]
[SourceTitle "CBM 204 Extra"]
[Source "ChessBase"]
[SourceDate "2021.11.30"]
[SourceVersion "1"]
[SourceVersionDate "2021.11.30"]
[SourceQuality "1"]
[WhiteTeam "Uruguay"]
[BlackTeam "Argentina"]
[WhiteTeamCountry "URU"]
[BlackTeamCountry "ARG"]

1. d4 Nf6 2. c4 g6 3. Nc3 d5 4. cxd5 Nxd5 5. Bd2 Nb6 6. Nf3 Bg7 7. e3 0-0 8. Be2 N8d7 9. 0-0 c5 10. d5 Nf6 11. e4 e5 12. h3 Nbd7 13. Qc2 Ne8 14. Rad1 Nd6 15. Nb5 Nf6 16. Nxd6 Qxd6 17. Bc3 Nh5 18. Nd2 Nf4 19. Nc4 Qe7 20. d6 Qg5 21. d7 Qxg2# 0-1

[Event "Online Olym Div2 D"]
[Site "Chess.com INT"]
[Date "2021.09.02"]
[Round "2.5"]
[White "De Leon, Patricia O"]
[Black "Janzelj, Lara"]
[Result "0-1"]
[WhiteElo "2004"]
[BlackElo "2186"]
[PlyCount "72"]
[EventDate "2021.09.02"]
[EventType "team (rapid)"]
[EventRounds "9"]
[EventCountry "USA"]
[SourceTitle "CBM 204 Extra"]
[Source "ChessBase"]
[SourceDate "2021.11.30"]
[SourceVersion "1"]
[SourceVersionDate "2021.11.30"]
[SourceQuality "1"]
[WhiteTeam "Uruguay"]
[BlackTeam "Slovenia"]
[WhiteTeamCountry "URU"]
[BlackTeamCountry "SLO"]

1. d4 d5 2. c4 dxc4 3. Nc3 a6 4. a4 Nc6 5. e3 Na5 6. Nf3 Bg4 7. h3 Bxf3 8. Qxf3 Nf6 9. Bd2 e6 10. Ne4 Nb3 11. Rd1 Nxe4 12. Qxe4 Nxd2 13. Kxd2 Bb4+ 14. Kc2 Qd5 15. Qg4 0-0 16. e4 Qc6 17. Ra1 Rfd8 18. e5 b5 19. Be2 Qb6 20. axb5 Rxd4 21. Qf3 Rb8 22. Rhd1 axb5 23. Ra8 Rxd1 24. Rxb8+ Qxb8 25. Bxd1 Qd8 26. Qe3 g6 27. Bf3 c5 28. Bc6 Qb6 29. Qf3 Qb8 30. Qf6 Ba5 31. h4 Bd8 32. Qf4 b4 33. h5 b3+ 34. Kc1 Qb4 35. Kd1 c3 36. Qc4 Qxc4 0-1

[Event "Online Olym Div3 D"]
[Site "Chess.com INT"]
[Date "2021.08.28"]
[Round "5.3"]
[White "De Leon, Patricia O"]
[Black "Perez Rodriguez, Jennifer"]
[Result "1/2-1/2"]
[WhiteElo "2004"]
[BlackElo "2251"]
[PlyCount "81"]
[EventDate "2021.08.27"]
[EventType "team-tourn (rapid)"]
[EventRounds "9"]
[EventCountry "USA"]
[SourceTitle "CBM 204 Extra"]
[Source "ChessBase"]
[SourceDate "2021.11.30"]
[SourceVersion "1"]
[SourceVersionDate "2021.11.30"]
[SourceQuality "1"]
[WhiteTeam "Uruguay"]
[BlackTeam "Paraguay"]
[WhiteTeamCountry "URU"]
[BlackTeamCountry "PAR"]

1. d4 Nf6 2. c4 e6 3. Nf3 b6 4. g3 Bb7 5. Bg2 Be7 6. 0-0 0-0 7. Nc3 d5 8. cxd5 Nxd5 9. Nxd5 exd5 10. Bf4 Nd7 11. Rc1 c5 12. dxc5 bxc5 13. Qc2 Nf6 14. Rfd1 Qb6 15. Nd2 Rfd8 16. Nb3 Rac8 17. Bh3 Rc6 18. Bf5 g6 19. Bh3 Bc8 20. Bxc8 Rcxc8 21. Be5 Qe6 22. Bf4 Qh3 23. Nd2 Nh5 24. Be5 Qe6 25. Nf3 f6 26. Bc3 Ng7 27. Ba5 Re8 28. Qd3 d4 29. Qc4 Bd6 30. Kf1 Qxc4 31. Rxc4 Ne6 32. Rdc1 Rb8 33. b3 Kf7 34. Ne1 Rb5 35. Bd2 Nd8 36. Nd3 Nb7 37. Ra4 a5 38. Rac4 Ke6 39. Bf4 Bxf4 40. Nxf4+ Kd6 41. Nd3 1/2-1/2

[Event "Titled Tuesday intern op 24th Aug"]
[Site "Chess.com INT"]
[Date "2021.08.24"]
[Round "2"]
[White "Terletsky, Oleg"]
[Black "De Leon, Patricia O"]
[Result "1-0"]
[WhiteElo "2191"]
[BlackElo "2004"]
[PlyCount "57"]
[EventDate "2021.08.24"]
[EventType "swiss (blitz)"]
[EventRounds "11"]
[EventCountry "USA"]
[SourceTitle "EXT 2022"]
[Source "ChessBase"]
[SourceDate "2021.10.06"]
[SourceVersion "1"]
[SourceVersionDate "2021.10.06"]
[SourceQuality "1"]

1. e4 e6 2. d4 d5 3. Nd2 Nf6 4. e5 Nfd7 5. Bd3 c5 6. c3 Nc6 7. Ne2 cxd4 8. cxd4 f6 9. exf6 Nxf6 10. Nf3 Bd6 11. 0-0 Qc7 12. g3 0-0 13. Bf4 Ng4 14. Qc2 h5 15. Bh7+ Kh8 16. Bg6 h4 17. Bxd6 Qxd6 18. Nxh4 e5 19. dxe5 Ncxe5 20. Nd4 Bd7 21. Rae1 Rac8 22. Qb1 Rf6 23. Bc2 Rh6 24. f4 Nc4 25. Ng6+ Kg8 26. Ne7+ Kh8 27. Nxc8 Nce3 28. Nxd6 Rxh2 29. Rxe3 1-0

[Event "Titled Tuesday intern op 10th Aug"]
[Site "Chess.com INT"]
[Date "2021.08.10"]
[Round "7"]
[White "Bogumil, Tatiana"]
[Black "De Leon, Patricia O"]
[Result "1-0"]
[WhiteElo "2182"]
[BlackElo "2004"]
[PlyCount "49"]
[EventDate "2021.08.10"]
[EventType "swiss (blitz)"]
[EventRounds "11"]
[EventCountry "USA"]
[SourceTitle "CBM 203 Extra"]
[Source "ChessBase"]
[SourceDate "2021.09.30"]
[SourceVersion "1"]
[SourceVersionDate "2021.09.30"]
[SourceQuality "1"]

1. Nf3 Nf6 2. c4 g6 3. b3 Bg7 4. Bb2 d6 5. d4 Nbd7 6. g3 0-0 7. Bg2 c5 8. d5 a6 9. 0-0 b5 10. Nbd2 Qb6 11. Rb1 b4 12. e4 a5 13. e5 dxe5 14. Nxe5 Nxe5 15. Bxe5 Bb7 16. Re1 Rad8 17. Qc2 Ng4 18. Bxg7 Kxg7 19. Rxe7 Rfe8 20. Qb2+ Kg8 21. Rbe1 Rxe7 22. Rxe7 Qd6 23. Re2 f5 24. h3 Nf6 25. Re6 1-0

[Event "Titled Tuesday intern op 10th Aug"]
[Site "Chess.com INT"]
[Date "2021.08.10"]
[Round "6"]
[White "De Leon, Patricia O"]
[Black "Wernberg, Hugo"]
[Result "0-1"]
[WhiteElo "2004"]
[BlackElo "2268"]
[PlyCount "94"]
[EventDate "2021.08.10"]
[EventType "swiss (blitz)"]
[EventRounds "11"]
[EventCountry "USA"]
[SourceTitle "CBM 203 Extra"]
[Source "ChessBase"]
[SourceDate "2021.09.30"]
[SourceVersion "1"]
[SourceVersionDate "2021.09.30"]
[SourceQuality "1"]

1. d4 d5 2. c4 e6 3. Nc3 c6 4. cxd5 exd5 5. Nf3 Ne7 6. Bf4 h6 7. e3 Bf5 8. Be2 Nd7 9. 0-0 Nf6 10. Rc1 Ng6 11. Bg3 Bd6 12. a3 Bxg3 13. hxg3 0-0 14. b4 a6 15. a4 Qd6 16. Qb3 b5 17. axb5 axb5 18. Nd1 Nd7 19. Nb2 Nb6 20. Nd3 Bxd3 21. Bxd3 Ne7 22. Ne5 Ra4 23. Rb1 Rfa8 24. Rfc1 f6 25. Nf3 Ra3 26. Qc2 R8a4 27. Qc5 Qxc5 28. bxc5 Nc4 29. Bf1 Kf7 30. Bxc4 dxc4 31. Nd2 f5 32. e4 c3 33. Nf3 fxe4 34. Ne5+ Ke6 35. Rd1 Kd5 36. Rbc1 Rxd4 37. Re1 Kxe5 38. f4+ Kd5 39. g4 b4 40. f5 Kc4 41. Rf1 Nd5 42. g3 b3 43. g5 hxg5 44. g4 b2 45. Rb1 e3 46. Rfe1 Rb3 47. Kg2 c2 0-1

[Event "Titled Tuesday intern op 10th Aug"]
[Site "Chess.com INT"]
[Date "2021.08.10"]
[Round "1"]
[White "Kononenko, Dmitry1111"]
[Black "De Leon, Patricia O"]
[Result "1-0"]
[WhiteElo "2312"]
[BlackElo "2004"]
[PlyCount "51"]
[EventDate "2021.08.10"]
[EventType "swiss (blitz)"]
[EventRounds "11"]
[EventCountry "USA"]
[SourceTitle "CBM 203 Extra"]
[Source "ChessBase"]
[SourceDate "2021.09.30"]
[SourceVersion "1"]
[SourceVersionDate "2021.09.30"]
[SourceQuality "1"]

1. d4 Nf6 2. c4 g6 3. Nc3 Bg7 4. Nf3 d6 5. g3 0-0 6. Bg2 Nbd7 7. 0-0 a6 8. e4 e5 9. Re1 exd4 10. Nxd4 Ne5 11. b3 c6 12. h3 Qc7 13. Bf4 Re8 14. Qc2 Bd7 15. Rac1 Rad8 16. Red1 Bc8 17. Be3 Nfd7 18. f4 Ng4 19. hxg4 Nc5 20. f5 gxf5 21. gxf5 d5 22. cxd5 cxd5 23. Nxd5 Qxg3 24. Bf2 Qd6 25. Qxc5 Qxc5 26. Rxc5 1-0

[Event "Titled Tuesday intern op 03rd Aug"]
[Site "Chess.com INT"]
[Date "2021.08.03"]
[Round "5"]
[White "Bommini, Mounika Akshaya"]
[Black "De Leon, Patricia O"]
[Result "0-1"]
[WhiteElo "2158"]
[BlackElo "2004"]
[PlyCount "56"]
[EventDate "2021.08.03"]
[EventType "swiss (blitz)"]
[EventRounds "11"]
[EventCountry "USA"]
[SourceTitle "CBM 203 Extra"]
[Source "ChessBase"]
[SourceDate "2021.09.30"]
[SourceVersion "1"]
[SourceVersionDate "2021.09.30"]
[SourceQuality "1"]

1. d4 Nf6 2. c4 g6 3. Nc3 d6 4. e4 Bg7 5. f4 0-0 6. Nf3 Nbd7 7. Bd3 Re8 8. e5 dxe5 9. fxe5 Ng4 10. 0-0 c5 11. Ng5 cxd4 12. Nxf7 Qb6 13. Nd5 Qe6 14. Nc7 Qc6 15. Nxa8 Ndxe5 16. Nxe5 Bxe5 17. h3 Ne3 18. Bxe3 dxe3 19. Qe2 Bd4 20. Rad1 e5 21. b4 Bd7 22. c5 Rxa8 23. Bc4+ Be6 24. Rf6 Re8 25. Bxe6+ Rxe6 26. Qc4 e2+ 27. Rxd4 e1Q+ 28. Kh2 exd4 0-1

[Event "Titled Tuesday intern op 03rd Aug"]
[Site "Chess.com INT"]
[Date "2021.08.03"]
[Round "6"]
[White "De Leon, Patricia O"]
[Black "Kubatko, Ivan"]
[Result "0-1"]
[WhiteElo "2004"]
[BlackElo "2257"]
[PlyCount "82"]
[EventDate "2021.08.03"]
[EventType "swiss (blitz)"]
[EventRounds "11"]
[EventCountry "USA"]
[SourceTitle "CBM 203 Extra"]
[Source "ChessBase"]
[SourceDate "2021.09.30"]
[SourceVersion "1"]
[SourceVersionDate "2021.09.30"]
[SourceQuality "1"]

1. d4 d5 2. c4 e6 3. Nc3 c5 4. cxd5 cxd4 5. Qxd4 Nc6 6. Qd1 exd5 7. g3 d4 8. Ne4 Nf6 9. Bg2 Be7 10. Bg5 Nxe4 11. Bxe7 Qxe7 12. Nf3 Qb4+ 13. Nd2 Qxd2+ 14. Qxd2 Nxd2 15. Kxd2 Be6 16. a3 Ke7 17. Rac1 Rac8 18. Rhd1 Rhd8 19. Ke1 Bd5 20. Bh3 Be6 21. Bg2 Rd6 22. b4 a6 23. h4 Rcd8 24. a4 Bd5 25. Bxd5 Rxd5 26. b5 axb5 27. axb5 Rxb5 28. Ra1 Nb4 29. Ra7 Nc6 30. Raa1 Rb2 31. Kf1 Kf6 32. f3 Re8 33. Re1 Nb4 34. Ra7 Nc2 35. Rea1 Ne3+ 36. Ke1 Nc2+ 37. Kd1 Nxa1 38. Rxa1 Rexe2 39. Ra4 d3 40. Rf4+ Ke5 41. Rxf7 Rb1# 0-1

[Event "Titled Tuesday intern op 03rd Aug"]
[Site "Chess.com INT"]
[Date "2021.08.03"]
[Round "9"]
[White "De Leon, Patricia O"]
[Black "Schut, Han"]
[Result "0-1"]
[WhiteElo "2004"]
[BlackElo "2101"]
[PlyCount "120"]
[EventDate "2021.08.03"]
[EventType "swiss (blitz)"]
[EventRounds "11"]
[EventCountry "USA"]
[SourceTitle "CBM 203 Extra"]
[Source "ChessBase"]
[SourceDate "2021.09.30"]
[SourceVersion "1"]
[SourceVersionDate "2021.09.30"]
[SourceQuality "1"]

1. d3 Nf6 2. Nf3 g6 3. g3 Bg7 4. Bg2 0-0 5. 0-0 d5 6. Nbd2 c5 7. e4 Nc6 8. e5 Ng4 9. d4 cxd4 10. Nb3 Ngxe5 11. Nfxd4 Nxd4 12. Nxd4 Nc6 13. c3 Nxd4 14. cxd4 Be6 15. Qb3 Qb6 16. Qxb6 axb6 17. Be3 Ra4 18. Rfd1 Rfa8 19. a3 b5 20. Rac1 b4 21. axb4 Rxb4 22. Rc5 Rxb2 23. Bxd5 Bxd5 24. Rxd5 e6 25. Rd7 h6 26. d5 exd5 27. R1xd5 b5 28. Rb7 b4 29. Rdb5 Bc3 30. Bc5 h5 31. Bxb4 Bd4 32. Bc5 Ra1+ 33. Kg2 Rxf2+ 34. Kh3 Bxc5 35. Rxc5 Raa2 36. Rc8+ Kg7 37. Kh4 Rxh2+ 38. Kg5 Ra5+ 39. Kf4 Rf5+ 40. Ke4 Rg2 41. Rc3 Rf6 42. Rb8 g5 43. Rb5 Kg6 44. Ra5 Re2+ 45. Kd4 Ref2 46. Re3 R2f3 47. Ke4 g4 48. Raa3 Re6+ 49. Kd4 Rexe3 50. Rxe3 Rxe3 51. Kxe3 Kg5 52. Kf2 h4 53. gxh4+ Kxh4 54. Kg2 f5 55. Kh2 f4 56. Kg2 f3+ 57. Kf2 Kh3 58. Kg1 f2+ 59. Kf1 Kg3 60. Ke2 Kg2 0-1

[Event "Titled Tuesday intern op 27th July"]
[Site "Chess.com INT"]
[Date "2021.07.27"]
[Round "7"]
[White "De Leon, Patricia O"]
[Black "Toncheva, Nadya"]
[Result "0-1"]
[WhiteElo "2004"]
[BlackElo "2201"]
[PlyCount "128"]
[EventDate "2021.07.27"]
[EventType "swiss (blitz)"]
[EventRounds "11"]
[EventCountry "USA"]
[SourceTitle "CBM 203 Extra"]
[Source "ChessBase"]
[SourceDate "2021.09.30"]
[SourceVersion "1"]
[SourceVersionDate "2021.09.30"]
[SourceQuality "1"]

1. d4 d5 2. c4 c6 3. cxd5 cxd5 4. Bf4 Nc6 5. Nc3 Bf5 6. Nf3 Nf6 7. Rc1 e6 8. e3 Be7 9. Bd3 Bg6 10. 0-0 0-0 11. Ne5 Nxe5 12. Bxe5 Nd7 13. Bg3 a6 14. Na4 Rc8 15. Qb3 Bxd3 16. Qxd3 Qa5 17. Qb3 b5 18. Nc3 Nb6 19. Nb1 Nc4 20. h3 Nd2 21. Nxd2 Qxd2 22. Qd1 Qb4 23. Qe2 h6 24. Rc2 Rxc2 25. Qxc2 Qc4 26. Rc1 Rc8 27. Qxc4 bxc4 28. b3 c3 29. Rc2 Kf8 30. Kf1 Ke8 31. Ke2 Kd7 32. Kd3 Bb4 33. f3 Rc6 34. Be1 a5 35. Bxc3 Ra6 36. Bb2 a4 37. bxa4 Rxa4 38. Bc1 f6 39. Ke2 e5 40. dxe5 fxe5 41. Bd2 Bd6 42. g3 d4 43. exd4 exd4 44. g4 Ra3 45. h4 d3+ 46. Kd1 dxc2+ 47. Kxc2 Rxa2+ 48. Kd3 Ra3+ 49. Ke4 Ke6 50. g5 hxg5 51. hxg5 Ra2 52. Be3 Re2 53. Kd3 Re1 54. Bd2 Rf1 55. Ke4 Be7 56. f4 Rf2 57. Be3 Rg2 58. f5+ Kf7 59. g6+ Kf6 60. Bd4+ Kg5 61. Bxg7 Bf6 62. Bf8 Rg4+ 63. Kd5 Kxf5 64. g7 Bxg7 0-1

[Event "Titled Tuesday intern op 27th July"]
[Site "Chess.com INT"]
[Date "2021.07.27"]
[Round "9"]
[White "Martin, Lewis"]
[Black "De Leon, Patricia O"]
[Result "1-0"]
[WhiteElo "2205"]
[BlackElo "2004"]
[PlyCount "67"]
[EventDate "2021.07.27"]
[EventType "swiss (blitz)"]
[EventRounds "11"]
[EventCountry "USA"]
[SourceTitle "CBM 203 Extra"]
[Source "ChessBase"]
[SourceDate "2021.09.30"]
[SourceVersion "1"]
[SourceVersionDate "2021.09.30"]
[SourceQuality "1"]

1. e4 e6 2. d4 d5 3. Nd2 Nf6 4. e5 Nfd7 5. f4 c5 6. c3 Nc6 7. Ndf3 cxd4 8. cxd4 f6 9. Bd3 f5 10. Ne2 Be7 11. 0-0 0-0 12. Kh1 b6 13. Ng5 Ndb8 14. Be3 Re8 15. g4 h6 16. gxf5 exf5 17. Nf3 g6 18. Rc1 Kh7 19. Rg1 Qd7 20. Qf1 Nd8 21. Qh3 Ne6 22. Bxf5 gxf5 23. Qxf5+ Kh8 24. Qg6 Bb4 25. Qxh6+ Qh7 26. Qf6+ Ng7 27. Ng5 Qf5 28. Qh6+ Kg8 29. Ng3 Qd3 30. Rc7 Nd7 31. Nh5 Re7 32. Rxd7 Bxd7 33. Nf6+ Kf8 34. Qh8# 1-0

[Event "Titled Tuesday intern op 27th July"]
[Site "Chess.com INT"]
[Date "2021.07.27"]
[Round "6"]
[White "Xie, Bryan"]
[Black "De Leon, Patricia O"]
[Result "1-0"]
[WhiteElo "2027"]
[BlackElo "2004"]
[PlyCount "50"]
[EventDate "2021.07.27"]
[EventType "swiss (blitz)"]
[EventRounds "11"]
[EventCountry "USA"]
[SourceTitle "CBM 203 Extra"]
[Source "ChessBase"]
[SourceDate "2021.09.30"]
[SourceVersion "1"]
[SourceVersionDate "2021.09.30"]
[SourceQuality "1"]

1. e4 e6 2. d4 d5 3. Nc3 dxe4 4. Nxe4 Nd7 5. Nf3 Ngf6 6. Bd3 Nxe4 7. Bxe4 Nf6 8. Bd3 c5 9. dxc5 Bxc5 10. 0-0 0-0 11. Bg5 Be7 12. Qe2 h6 13. Bh4 Bd7 14. Rad1 Qb6 15. Ne5 Bc6 16. Nxc6 Qxc6 17. c3 Rad8 18. Bc2 Nd5 19. Bg3 Bf6 20. Qe4 g6 21. Qe2 Bg7 22. Rd2 Rc8 23. Rfd1 a6 24. Be4 Qa4 25. Bxd5 e5 1-0

[Event "Titled Tuesday intern op 08th June"]
[Site "Chess.com INT"]
[Date "2021.06.08"]
[Round "10"]
[White "Golubovskis, Maksims"]
[Black "De Leon, Patricia O"]
[Result "0-1"]
[WhiteElo "2302"]
[BlackElo "2004"]
[PlyCount "46"]
[EventDate "2021.06.08"]
[EventType "swiss (blitz)"]
[EventRounds "11"]
[EventCountry "USA"]
[SourceTitle "CBM 202 Extra"]
[Source "ChessBase"]
[SourceDate "2021.07.31"]
[SourceVersion "1"]
[SourceVersionDate "2021.07.31"]
[SourceQuality "1"]

1. e4 e6 2. d4 d5 3. Nc3 dxe4 4. Nxe4 Nd7 5. Nf3 Ngf6 6. Bg5 Be7 7. Nxf6+ Nxf6 8. Bxf6 Bxf6 9. Bd3 0-0 10. 0-0 b6 11. Qe2 Bb7 12. c4 Bxf3 13. Qxf3 Qxd4 14. Rad1 Qxb2 15. Qh3 g6 16. Qg3 Qe5 17. Qxe5 Bxe5 18. Be4 Rad8 19. f4 Bd4+ 20. Kh1 Bc5 21. Rxd8 Rxd8 22. Re1 h5 23. h3 Rd2 0-1

[Event "Titled Tuesday intern op 04th May"]
[Site "Chess.com INT"]
[Date "2021.05.04"]
[Round "3"]
[White "De Leon, Patricia O"]
[Black "Nastore, Pavel Alexandru"]
[Result "0-1"]
[WhiteElo "2004"]
[BlackElo "2221"]
[PlyCount "86"]
[EventDate "2021.05.04"]
[EventType "swiss (blitz)"]
[EventRounds "11"]
[EventCountry "USA"]
[SourceTitle "CBM 202 Extra"]
[Source "ChessBase"]
[SourceDate "2021.07.31"]
[SourceVersion "1"]
[SourceVersionDate "2021.07.31"]
[SourceQuality "1"]

1. d4 Nf6 2. c4 c6 3. Nc3 d5 4. cxd5 cxd5 5. Bf4 Nc6 6. e3 a6 7. Rc1 e6 8. Nf3 Bd6 9. Bxd6 Qxd6 10. Bd3 0-0 11. 0-0 Nd7 12. e4 dxe4 13. Nxe4 Qe7 14. Bb1 Nf6 15. Nxf6+ Qxf6 16. Re1 Bd7 17. Ne5 Rad8 18. Qd3 g6 19. Rcd1 Be8 20. Qe4 Qg7 21. a3 Bd7 22. h4 Rfe8 23. h5 Nxe5 24. dxe5 Bc6 25. Qh4 gxh5 26. g3 Rxd1 27. Rxd1 Qxe5 28. b4 Bf3 29. Rc1 f5 30. Qg5+ Qg7 31. Qf4 Qg4 32. Qxg4+ hxg4 33. Rc7 h5 34. Kf1 Bc6 35. Ba2 Bb5+ 36. Ke1 Bc6 37. Ke2 f4 38. gxf4 h4 39. f5 h3 40. fxe6 h2 41. e7+ Kh8 42. Rc8 Rxc8 43. e8Q+ Rxe8+ 0-1

[Event "Titled Tuesday intern op 04th May"]
[Site "Chess.com INT"]
[Date "2021.05.04"]
[Round "5"]
[White "Dovbnia, Nikita"]
[Black "De Leon, Patricia O"]
[Result "1-0"]
[WhiteElo "1882"]
[BlackElo "2004"]
[PlyCount "57"]
[EventDate "2021.05.04"]
[EventType "swiss (blitz)"]
[EventRounds "11"]
[EventCountry "USA"]
[SourceTitle "CBM 202 Extra"]
[Source "ChessBase"]
[SourceDate "2021.07.31"]
[SourceVersion "1"]
[SourceVersionDate "2021.07.31"]
[SourceQuality "1"]

1. e4 e6 2. d4 f5 3. exf5 exf5 4. Nf3 Nf6 5. Bd3 d6 6. 0-0 Be7 7. Re1 0-0 8. Nc3 c6 9. Ng5 d5 10. Ne6 Bxe6 11. Rxe6 Ne4 12. f3 Nxc3 13. bxc3 Nd7 14. Qe2 Bg5 15. Ba3 Rf7 16. Re1 Qc7 17. Re8+ Rxe8 18. Qxe8+ Nf8 19. c4 Qd7 20. cxd5 cxd5 21. c4 dxc4 22. Qxd7 Rxd7 23. Bxc4+ Kh8 24. Bxf8 Rxd4 25. Bb3 h6 26. Bc5 Rd2 27. Bxa7 b5 28. Bf7 Bf6 29. Bg6 1-0

[Event "Titled Tuesday intern op 04th May"]
[Site "Chess.com INT"]
[Date "2021.05.04"]
[Round "4"]
[White "Eggleston, Thomas"]
[Black "De Leon, Patricia O"]
[Result "1-0"]
[WhiteElo "2178"]
[BlackElo "2004"]
[PlyCount "105"]
[EventDate "2021.05.04"]
[EventType "swiss (blitz)"]
[EventRounds "11"]
[EventCountry "USA"]
[SourceTitle "CBM 202 Extra"]
[Source "ChessBase"]
[SourceDate "2021.07.31"]
[SourceVersion "1"]
[SourceVersionDate "2021.07.31"]
[SourceQuality "1"]

1. e4 e6 2. d4 d5 3. exd5 exd5 4. c4 c6 5. Nc3 Bd6 6. Nf3 Bg4 7. cxd5 cxd5 8. Nxd5 Nc6 9. Be2 Bxh2 10. Nxh2 Bxe2 11. Qxe2+ Nge7 12. Nxe7 Qxe7 13. Qxe7+ Kxe7 14. Be3 Rad8 15. Nf3 Rhe8 16. 0-0 f6 17. Rfe1 Kf7 18. Rad1 Nb4 19. a3 Nd5 20. g3 h5 21. Nd2 g5 22. Nb1 Kg6 23. Nc3 Nb6 24. d5 Nc4 25. Bc1 Ne5 26. f4 Nf3+ 27. Kf2 Nxe1 28. Rxe1 Rxe1 29. Kxe1 Kf5 30. Kf2 gxf4 31. Bxf4 h4 32. Kf3 hxg3 33. Bxg3 a6 34. d6 Ke6 35. Ne4 b6 36. a4 Rc8 37. Ke3 f5 38. Ng5+ Kd7 39. Kd4 Rg8 40. Bf4 Rh8 41. Kd5 Rh4 42. Ke5 b5 43. axb5 axb5 44. Kxf5 Rh1 45. Ne4 Rb1 46. Nf6+ Kd8 47. Be5 Rf1+ 48. Ke6 b4 49. Nd5 Re1 50. Ne7 b3 51. Nc6+ Ke8 52. d7+ Kf8 53. d8Q# 1-0

[Event "Online Olym Div3 D"]
[Site "Chess.com INT"]
[Date "2020.08.07"]
[Round "3.5"]
[White "De Leon, Patricia O"]
[Black "Vazquez Maccarini, Danitza"]
[Result "1-0"]
[WhiteElo "2004"]
[BlackElo "2090"]
[PlyCount "45"]
[EventDate "2020.08.07"]
[EventType "team-tourn (rapid)"]
[EventRounds "9"]
[EventCountry "USA"]
[SourceTitle "CBM 198"]
[Source "ChessBase"]
[SourceDate "2020.10.31"]
[SourceVersion "1"]
[SourceVersionDate "2020.10.31"]
[SourceQuality "1"]
[WhiteTeam "Uruguay"]
[BlackTeam "Puerto Rico"]
[WhiteTeamCountry "URU"]
[BlackTeamCountry "PUR"]

1. d4 Nf6 2. c4 e6 3. Nf3 c5 4. d5 exd5 5. cxd5 d6 6. Nc3 g6 7. e4 Bg7 8. Bd3 0-0 9. h3 a6 10. a4 Re8 11. 0-0 Nbd7 12. Re1 Qc7 13. Bf4 Nh5 14. Bh2 Ne5 15. Be2 Rb8 16. Nxe5 Bxe5 17. Bxh5 Bxh2+ 18. Kxh2 gxh5 19. Qxh5 Re5 20. Qh6 Bd7 21. Re3 Kh8 22. Qf6+ Kg8 23. Rg3+ 1-0